00281nam a2200109Ia 4500008004100000041000800041100002700049245004800076260002000124365000800144999001900152231011s9999 xx 000 0 und d aeng aL.J.Kazmier , N.F.Pohi aBasic Statistics for Business and Economics bM.G.H Newyork - b208 c884093d884093